Indexing systems and techniques (Record no. 15303)

MARC details
000 -LEADER
fixed length control field 00346nam a2200133Ia 4500
082 ## - DEWEY DECIMAL CLASSIFICATION NUMBER
Classification number 025.48 RAM-;
100 ## - MAIN ENTRY--AUTHOR NAME
Personal name Ramakrishnan, M.N.
245 #0 - TITLE STATEMENT
Title Indexing systems and techniques
260 ## - PUBLICATION, DISTRIBUTION, ETC. (IMPRINT)
Place of publication Trivandrum
Name of publisher Lakshmisree Publications
Year of publication 1986
300 ## - PHYSICAL DESCRIPTION
Number of Pages 134 p.
650 ## - SUBJECT ADDED ENTRY--TOPICAL TERM
Topical Term Indexing - Study and teaching
650 ## - SUBJECT ADDED ENTRY--TOPICAL TERM
Topical Term Library science
942 ## - ADDED ENTRY ELEMENTS (KOHA)
Koha item type Books
Holdings
Withdrawn status Lost status Damaged status Not for loan Home library Current library Date acquired Bill Date Full call number Accession Number Price effective from Koha item type
        NASSDOC Library NASSDOC Library 08/06/2004 2004-10-22 025.48 RAM-; 23500 18/04/2019 Books